000 00370nam a2200133Ia 4500
008 151001s9999||||xx |||||||||||||| ||und||
100 _aज्योतिबा फुले
245 _aसार्वजनिक सत्य धम
250 _a1
260 _bगोदा प्रकाशन
260 _c2008
300 _a116
365 _b21
999 _c998032
_d998029